| 000 | 00739cam a2200229 a 4500 | ||
|---|---|---|---|
| 001 | 000019627 | ||
| 005 | 20200929170100.0 | ||
| 008 | 840426s1962 sp 001 f spa d | ||
| 040 |
_aDO-SdBNP _cCarP _dDLC _dBNPHU |
||
| 082 |
_a863.6 _bF363s, 1962 |
||
| 100 | 2 |
_aFernández Flórez, Wenceslao, _d1885-1964 _922402 |
|
| 245 | 1 | 3 |
_aEl secreto de Barba Azul / _cW. Fernández Flórez. |
| 250 | _a4a ed. | ||
| 260 |
_aMadrid. : _bEspasa-Calpe, _c1962. |
||
| 300 |
_a232 p. ; _c18 cm. |
||
| 490 |
_aAustral. Azul: novelas y cuentos en general _v284 |
||
| 500 | _aIncluye índice de autores | ||
| 830 | 0 |
_aAustral. _aAzul: novelas y cuentos en general; _v284 _922386 |
|
| 910 | _aCatalogación derivada / LC | ||
| 910 | _aWM | ||
| 049 | _aBNGR | ||
| 999 |
_c19143 _d19143 |
||